AMERICAN BATTLES CAMPAIGNS A CHRONICLE F (Record no. 32552)

MARC details
000 -LEADER
fixed length control field 00342nam a2200133Ia 4500
008 - FIXED-LENGTH DATA ELEMENTS--GENERAL INFORMATION
fixed length control field 240624s9999 xx 000 0 und d
041 ## - LANGUAGE CODE
Language code of text/sound track or separate title eng
082 ## - DEWEY DECIMAL CLASSIFICATION NUMBER
Classification number 355.009 SPI
100 ## - MAIN ENTRY--PERSONAL NAME
Personal name SPILLING MICHAEL
245 ## - TITLE STATEMENT
Title AMERICAN BATTLES CAMPAIGNS A CHRONICLE F
260 ## - PUBLICATION, DISTRIBUTION, ETC.
Date of publication, distribution, etc. 2016
Place of publication, distribution, etc. New York
Name of publisher, distributor, etc. Thomas Dunne Books
300 ## - PHYSICAL DESCRIPTION
Extent 240 p.
365 ## - TRADE PRICE
Currency code
Price amount 33
Holdings
Withdrawn status Lost status Damaged status Not for loan Home library Current library Shelving location Date acquired Full call number Barcode Date last seen Copy number Price effective from Koha item type
        IMTN IMTN Rack 15-A 01/07/2022 355.009 SPI 32552 06/24/2024 78.2 06/24/2024 Books
Designed & Maintained by: LRC IMT Nagpur Contact: lrc@imtnag.ac.in© 2024. All Rights Reserved.